00908nam a2200205Ia 4500008004100000020002300041082001400064100001900078245004200097260003100139300001000170440002700180500010900207505019300316650003900509700002900548942001200577952009600589999001700685120622s9999 xx 000 0 und d a978-968-23-0061-5  a365 M833f aMorris, Norval aEl futuro de las prisiones : estudios aMéxico : Siglo XXIc2009 a183 p a(Nueva criminología) aTraducción de: The future of imprisonment (studies in crime and justice).\ Reimpresiones: 7a. de 2009. aLa prisión como cura coercitiva.- La rehabilitación del "ideal de rehabilitación".- La justificación de la pena de prisión.- Una cárcel para criminales violentos reincidentes.- a1. PRISIONES\ \2. ENCARCELAMIENTO aGrab, Nicolás ; tr.Ì 2lcccLB 00102ddc4070a01b01d2012-06-14l0o365 M833fp01 013273r2012-06-24t1w2012-06-24yLB c61489d61489